[Event "22nd European Teams"]
[Site "Batumi GEO"]
[Date "2019.10.25"]
[Round "2.15"]
[Board "4"]
[White "Ivic, Velimir"]
[Black "Ragnarsson, Dagur"]
[Result "1/2-1/2"]
[WhiteTitle "IM"]
[BlackTitle "FM"]
[WhiteElo "2525"]
[BlackElo "2388"]
[WhiteTeam "Serbia"]
[BlackTeam "Iceland"]
[WhiteFideId "950122"]
[BlackFideId "2304058"]
[EventDate "2019.10.24"]

1. e4 e6 2. d4 d5 3. Nc3 Nf6 4. e5 Nfd7 5. f4 c5 6. Nf3 Nc6 7. Be3 cxd4 8. Nxd4
Qb6 9. Qd2 Qxb2 10. Rb1 Qa3 11. Bb5 Nxd4 12. Bxd4 a6 13. Bxd7+ Bxd7 14. Rb3 Qe7
15. Rxb7 Rc8 16. O-O Qa3 17. Rfb1 Bc5 18. Ne2 Bxd4+ 19. Nxd4 Rc4 20. f5 exf5 21.
e6 fxe6 22. Rb8+ Rc8 23. Rxc8+ Bxc8 24. Nxe6 Qd6 25. Nxg7+ Kf7 26. Nh5 Re8 27.
Rf1 Qe5 28. Kh1 Re6 29. Nf4 Re8 30. Nxd5 Qe2 31. Qf4 Re5 32. c4 Bb7 33. h3 Bxd5
34. cxd5 Rxd5 35. Qc7+ Kf6 36. Rg1 Rd1 37. Qc3+ Kg6 38. Qg3+ Kf6 39. Qc3+ Kg6
40. Qg3+ Kf6 1/2-1/2

[Event "22nd European Teams"]
[Site "Batumi GEO"]
[Date "2019.10.25"]
[Round "2.16"]
[Board "1"]
[White "Tari, Aryan"]
[Black "Dervishi, Erald"]
[Result "1-0"]
[WhiteTitle "GM"]
[BlackTitle "GM"]
[WhiteElo "2630"]
[BlackElo "2546"]
[WhiteTeam "Norway"]
[BlackTeam "Albania"]
[WhiteFideId "1510045"]
[BlackFideId "4700236"]
[EventDate "2019.10.24"]

1. e4 e5 2. Nf3 Nc6 3. Bb5 a6 4. Ba4 Nf6 5. O-O Be7 6. Re1 b5 7. Bb3 d6 8. c3
O-O 9. h3 Nb8 10. d4 Nbd7 11. Nbd2 Bb7 12. Bc2 Re8 13. Nf1 Bf8 14. Bg5 h6 15.
Bh4 exd4 16. cxd4 g5 17. Nxg5 hxg5 18. Bxg5 Bg7 19. Ng3 Nf8 20. Nh5 N8h7 21. Bh4
Qd7 22. Nxg7 Kxg7 23. e5 Ng8 24. Qh5 Nf8 25. Bf6+ Nxf6 26. exf6+ Kxf6 27. Qh8+ 1-0

[Event "22nd European Teams"]
[Site "Batumi GEO"]
[Date "2019.10.25"]
[Round "2.16"]
[Board "2"]
[White "Mehmeti, Dritan"]
[Black "Christiansen, Johan-Sebastian"]
[Result "0-1"]
[WhiteTitle "IM"]
[BlackTitle "GM"]
[WhiteElo "2359"]
[BlackElo "2558"]
[WhiteTeam "Albania"]
[BlackTeam "Norway"]
[WhiteFideId "4700600"]
[BlackFideId "1512668"]
[EventDate "2019.10.24"]

1. Nf3 Nf6 2. c4 e6 3. g3 d5 4. Bg2 dxc4 5. Qa4+ Bd7 6. Qxc4 c5 7. Ne5 Qc8 8.
O-O Nc6 9. Nxd7 Qxd7 10. b3 Be7 11. Bb2 O-O 12. d3 Rac8 13. Nd2 b6 14. Nf3 Rfd8
15. Ne5 Nxe5 16. Bxe5 Nd5 17. Rac1 Bf6 18. Bxf6 Nxf6 19. Qa6 Ne8 20. Rfd1 Nd6
21. e3 h6 22. h4 e5 23. a3 Rc7 24. b4 cxb4 25. axb4 Rdc8 26. Rxc7 Rxc7 27. Qa1
Qb5 28. Bf1 Qxb4 29. Qxe5 a5 30. d4 a4 31. Qd5 Rc8 32. e4 Qb3 33. Qxb3 axb3 34.
e5 Ne4 35. Bh3 Rc2 36. Bf5 Nc3 37. Re1 g6 38. e6 Re2 39. Rxe2 Nxe2+ 40. Kf1 Kf8
41. Bd3 Nc3 42. exf7 g5 43. hxg5 hxg5 44. g4 b2 45. f4 gxf4 46. Kf2 b1=Q 47.
Bxb1 Nxb1 48. Kf3 Nc3 49. Kxf4 b5 50. Ke3 Kxf7 0-1

[Event "22nd European Teams"]
[Site "Batumi GEO"]
[Date "2019.10.25"]
[Round "2.16"]
[Board "3"]
[White "Notkevich, Benjamin Arvola"]
[Black "Ashiku, Franc"]
[Result "0-1"]
[WhiteTitle "GM"]
[BlackTitle "FM"]
[WhiteElo "2494"]
[BlackElo "2424"]
[WhiteTeam "Norway"]
[BlackTeam "Albania"]
[WhiteFideId "1506536"]
[BlackFideId "4700066"]
[EventDate "2019.10.24"]

1. c4 e5 2. g3 f5 3. Bg2 Nf6 4. Nc3 Be7 5. d3 Nc6 6. e4 d6 7. Nge2 O-O 8. O-O
Be6 9. Nd5 Qd7 10. Be3 Rae8 11. f3 Bd8 12. Qd2 Kh8 13. Rad1 Qf7 14. b3 Bd7 15.
Rde1 Rg8 16. Nxf6 Bxf6 17. Bf2 g5 18. exf5 Bxf5 19. d4 Qg7 20. g4 Bg6 21. d5 Nd4
22. Ng3 c5 23. dxc6 bxc6 24. Be3 Nc2 25. Nh5 Bxh5 26. Qxc2 Bg6 27. Qd2 Qe7 28.
Rd1 Rd8 29. Rfe1 Bf7 30. Qf2 Qc7 31. Bf1 Rd7 32. Bd3 Be6 33. Qc2 d5 34. Bf5 Bxf5
35. Qxf5 Qd8 36. Bc5 Re8 37. Kg2 Kg7 38. Bf2 Rf7 39. cxd5 cxd5 40. Re2 Qd7 41.
Qxd7 Rxd7 42. Re4 Rc8 43. Rd2 d4 44. Bg3 Rd5 45. Kf2 Kf7 46. Ke2 Ke6 47. Bf2 Kd6
48. Bg3 Kd7 49. Be1 Be7 50. Kd1 Rdc5 51. Ke2 Bd6 52. Bg3 a5 53. h4 h6 54. h5 Kc6
55. Bf2 Bf8 56. Bg3 Bg7 57. Be1 Kd5 58. Kf2 Bf8 59. Rde2 Bd6 60. Bd2 Rb5 61. Be1
Rc1 62. Kg2 Rbc5 63. Bd2 Rd1 64. Be1 d3 65. Rf2 Rc2 66. Re3 Rxf2+ 67. Bxf2 Bc5
68. Re1 Rd2 0-1

[Event "22nd European Teams"]
[Site "Batumi GEO"]
[Date "2019.10.25"]
[Round "2.16"]
[Board "4"]
[White "Pasko, Llambi"]
[Black "Haldorsen, Benjamin"]
[Result "1/2-1/2"]
[WhiteTitle "IM"]
[BlackTitle "IM"]
[WhiteElo "2443"]
[BlackElo "2440"]
[WhiteTeam "Albania"]
[BlackTeam "Norway"]
[WhiteFideId "4701178"]
[BlackFideId "1512633"]
[EventDate "2019.10.24"]

1. d4 Nf6 2. c4 e6 3. Nf3 d5 4. Nc3 dxc4 5. e3 a6 6. a4 c5 7. Bxc4 Nc6 8. O-O
Be7 9. Qe2 O-O 10. Rd1 Qc7 11. dxc5 Bxc5 12. Bd2 b6 13. Rac1 Bb7 14. Ba2 h6 15.
Bb1 Rfd8 16. Ne4 Nxe4 17. Bxe4 Qe7 18. Bc3 Nb4 19. Bxb7 Qxb7 20. Bxb4 Bxb4 21.
Ne5 b5 22. Nc6 Rxd1+ 23. Qxd1 bxa4 24. Qxa4 Bf8 25. Qc2 a5 26. h3 a4 27. Ne5 g6
28. Ra1 Bg7 29. Nc4 Qb5 30. Ra2 Kh7 31. g3 Ra6 32. Kh2 h5 33. h4 Bf6 34. Ra3 Be7
35. Ra2 Bf6 36. Ra3 Be7 37. Ra2 Bf8 38. Kg1 Bg7 39. Kh2 Bf8 40. Kg1 Bg7 41. Ra3
Bf8 1/2-1/2

[Event "22nd European Teams"]
[Site "Batumi GEO"]
[Date "2019.10.25"]
[Round "2.17"]
[Board "1"]
[White "Pultinevicius, Paulius"]
[Black "Moroni, Luca Jr"]
[Result "1-0"]
[WhiteTitle "IM"]
[BlackTitle "GM"]
[WhiteElo "2503"]
[BlackElo "2553"]
[WhiteTeam "Lithuania"]
[BlackTeam "Italy"]
[WhiteFideId "12809390"]
[BlackFideId "865834"]
[EventDate "2019.10.24"]

1. Nf3 d5 2. d4 Nf6 3. c4 e6 4. Nc3 a6 5. cxd5 exd5 6. Bg5 Be6 7. Bxf6 Qxf6 8.
Qb3 b5 9. a4 b4 10. Nxd5 Qd8 11. e4 c6 12. Qe3 cxd5 13. exd5 Qxd5 14. Rc1 Be7
15. Bd3 Ra7 16. Bc4 Qxc4 17. Rxc4 Bxc4 18. b3 Bxb3 19. Qxb3 Rc7 20. O-O O-O 21.
d5 Rd8 22. Re1 Bf8 23. Ng5 Re8 24. Kf1 Rxe1+ 25. Kxe1 Rc3 26. Qb1 g6 27. Ne4 Rc4
28. Qd3 Rc1+ 29. Kd2 Bh6+ 30. Ke2 Nd7 31. Qh3 Rc4 32. f3 f5 33. Qxh6 fxe4 34.
Qh3 exf3+ 35. gxf3 Nf8 36. Kd3 Rc1 37. Qh4 a5 38. Qd8 b3 39. Qb6 Rd1+ 40. Kc3
Rc1+ 41. Kb2 Rc2+ 42. Kxb3 Rxh2 43. Qxa5 Rh1 44. Qc7 h5 45. d6 Rd1 46. a5 h4 47.
Qc4+ Kg7 48. Qxh4 Rd3+ 49. Kb4 Rxf3 50. Qd4+ 1-0

[Event "22nd European Teams"]
[Site "Batumi GEO"]
[Date "2019.10.25"]
[Round "2.17"]
[Board "2"]
[White "Valsecchi, Alessio"]
[Black "Laurusas, Tomas"]
[Result "1/2-1/2"]
[WhiteTitle "GM"]
[BlackTitle "IM"]
[WhiteElo "2504"]
[BlackElo "2501"]
[WhiteTeam "Italy"]
[BlackTeam "Lithuania"]
[WhiteFideId "818860"]
[BlackFideId "12803731"]
[EventDate "2019.10.24"]

1. e4 e5 2. Nf3 Nf6 3. Nxe5 d6 4. Nf3 Nxe4 5. c4 Nc6 6. Nc3 Nxc3 7. dxc3 Bf5 8.
Be3 Be7 9. Be2 Bf6 10. Qd5 Qd7 11. Rd1 O-O 12. O-O Rad8 13. Qb5 Rfe8 14. c5 Qc8
15. cxd6 cxd6 16. Rd2 Be4 17. Qa4 Qg4 18. Ne1 Qg6 19. Qd1 d5 20. Bh5 Qf5 21. Bg4
Qg6 22. Bh5 Qf5 23. Bg4 Qg6 1/2-1/2

[Event "22nd European Teams"]
[Site "Batumi GEO"]
[Date "2019.10.25"]
[Round "2.17"]
[Board "3"]
[White "Brazdzionis, Andrius"]
[Black "Lodici, Lorenzo"]
[Result "0-1"]
[BlackTitle "IM"]
[WhiteElo "2355"]
[BlackElo "2469"]
[WhiteTeam "Lithuania"]
[BlackTeam "Italy"]
[WhiteFideId "12804479"]
[BlackFideId "884189"]
[EventDate "2019.10.24"]

1. d4 Nf6 2. c4 c5 3. d5 e6 4. Nc3 exd5 5. cxd5 d6 6. e4 g6 7. f4 Bg7 8. Bb5+
Nfd7 9. Bd3 Qh4+ 10. g3 Qe7 11. Nf3 O-O 12. O-O Nb6 13. Qe1 Bg4 14. Bd2 Na6 15.
Rd1 c4 16. Bb1 Nc5 17. Qe3 Nba4 18. Nxa4 Nxa4 19. b3 c3 20. Be1 Rac8 21. Bc2 Nc5
22. b4 Nd7 23. Bb3 Nb6 24. Qd3 Rfe8 25. e5 c2 26. Rc1 Bf5 27. Qd2 dxe5 28. d6
Qd7 29. fxe5 Nc4 30. Bxc4 Rxc4 31. Bf2 Bxe5 32. Qd5 Qc6 33. Qxe5 Rxe5 34. Nxe5
Qd5 35. Nxc4 Qxc4 36. Bxa7 Qxb4 37. d7 Qd2 38. d8=Q+ Qxd8 39. Rce1 Qd2 40. Re8+
Kg7 41. Bc5 h5 42. Be3 Qd7 43. Re5 Bh3 44. Rc1 Qc6 45. Kf2 Qg2+ 46. Ke1 Qh1+ 47.
Kd2 Qxh2+ 48. Kc3 Qxg3 49. Kd4 Bf5 50. Kd5 Qf3+ 51. Kd4 h4 52. Kc4 h3 53. Kb4
Qd1 54. Kc5 h2 55. Bd4 b6+ 0-1

[Event "22nd European Teams"]
[Site "Batumi GEO"]
[Date "2019.10.25"]
[Round "2.17"]
[Board "4"]
[White "Sonis, Francesco"]
[Black "Klabis, Rokas"]
[Result "1/2-1/2"]
[WhiteTitle "IM"]
[BlackTitle "FM"]
[WhiteElo "2475"]
[BlackElo "2321"]
[WhiteTeam "Italy"]
[BlackTeam "Lithuania"]
[WhiteFideId "895733"]
[BlackFideId "12805246"]
[EventDate "2019.10.24"]

1. d4 Nf6 2. c4 e6 3. Nf3 d5 4. g3 Bb4+ 5. Bd2 Be7 6. Bg2 O-O 7. O-O c6 8. Qc2
Nbd7 9. Rd1 b6 10. b3 Bb7 11. Nc3 Rc8 12. e4 dxe4 13. Nxe4 Nxe4 14. Qxe4 Nf6 15.
Qc2 c5 16. Bc3 Qc7 17. d5 exd5 18. Be5 Qd8 19. Ng5 g6 20. cxd5 Ng4 21. Nf3 Nxe5
22. Nxe5 Bf6 23. f4 Qd6 24. Re1 Rfe8 25. Qe4 Re7 26. Re2 Rce8 27. Rae1 Ba6 28.
Re3 Bg7 29. Kf2 b5 30. Qc2 Bb7 31. R3e2 a6 32. Nc6 Bxc6 1/2-1/2

[Event "22nd European Teams"]
[Site "Batumi GEO"]
[Date "2019.10.25"]
[Round "2.18"]
[Board "1"]
[White "Iordachescu, Viorel"]
[Black "Dardha, Daniel"]
[Result "1-0"]
[WhiteTitle "GM"]
[BlackTitle "FM"]
[WhiteElo "2602"]
[BlackElo "2433"]
[WhiteTeam "Moldova"]
[BlackTeam "Belgium"]
[WhiteFideId "13900200"]
[BlackFideId "240990"]
[EventDate "2019.10.24"]

1. e4 c5 2. Nf3 Nc6 3. Bb5 g6 4. Bxc6 dxc6 5. d3 Bg7 6. h3 b6 7. a4 a5 8. Na3
Ba6 9. O-O Nf6 10. Re1 Nd7 11. e5 Nf8 12. b3 Ne6 13. Nc4 Rb8 14. Ng5 Qd5 15.
Nxe6 Qxe6 16. Bf4 O-O 17. Qd2 Rfd8 18. Re4 Rd4 19. Rae1 Bc8 20. Bg5 h5 21. Qf4
Rxe4 22. Rxe4 Ba6 23. Nd2 Rd8 24. Bh6 Qf5 25. Qe3 Bh8 26. Nf3 Bc8 27. g4 hxg4
28. hxg4 Qd7 29. e6 fxe6 30. Bf4 e5 31. Bxe5 Bxe5 32. Nxe5 Qe6 33. Nc4 Qf6 34.
Nxb6 Qa1+ 35. Kg2 1-0

[Event "22nd European Teams"]
[Site "Batumi GEO"]
[Date "2019.10.25"]
[Round "2.18"]
[Board "2"]
[White "Beukema, Stefan"]
[Black "Macovei, Andrei"]
[Result "1-0"]
[WhiteTitle "IM"]
[BlackTitle "IM"]
[WhiteElo "2380"]
[BlackElo "2426"]
[WhiteTeam "Belgium"]
[BlackTeam "Moldova"]
[WhiteFideId "1024523"]
[BlackFideId "13904680"]
[EventDate "2019.10.24"]

1. f4 c5 2. Nf3 g6 3. g3 Bg7 4. Bg2 Nf6 5. d3 d5 6. O-O O-O 7. c3 Nc6 8. Qe1 d4
9. Na3 Nd5 10. Bd2 h6 11. Nc2 Be6 12. c4 Nb6 13. a4 a5 14. Ne5 Nxe5 15. fxe5 Nd7
16. Bxb7 Ra7 17. Bg2 Nxe5 18. Na3 Qb6 19. Nb5 Ra6 20. h3 Bd7 21. g4 Bc6 22. Qg3
Bxg2 23. Qxg2 Rd8 24. Rf2 e6 25. Bf4 g5 26. Bg3 Rd7 27. Raf1 Qc6 28. Qh2 Ng6 29.
h4 gxh4 30. Bxh4 Be5 31. Qh3 Kg7 32. g5 h5 33. Rf3 Ra8 34. Be1 Qb7 35. b3 Qc6
36. Bxa5 Rxa5 37. Qxh5 Ra8 38. Qh6+ Kg8 39. Rh3 f6 40. gxf6 Nf8 41. Qh8+ Kf7 42.
Qg7+ Ke8 43. f7+ 1-0

[Event "22nd European Teams"]
[Site "Batumi GEO"]
[Date "2019.10.25"]
[Round "2.18"]
[Board "3"]
[White "Schitco, Ivan"]
[Black "Lenaerts, Lennert"]
[Result "1-0"]
[WhiteTitle "IM"]
[BlackTitle "FM"]
[WhiteElo "2492"]
[BlackElo "2333"]
[WhiteTeam "Moldova"]
[BlackTeam "Belgium"]
[WhiteFideId "13905465"]
[BlackFideId "211435"]
[EventDate "2019.10.24"]

1. Nf3 d5 2. c4 d4 3. e3 c5 4. g3 Nc6 5. exd4 cxd4 6. d3 Bf5 7. a3 a5 8. Bg2 Nf6
9. O-O h6 10. Qe2 Nd7 11. Nbd2 e6 12. Nh4 Bh7 13. f4 g5 14. f5 gxh4 15. fxe6 Nf6
16. exf7+ Kxf7 17. Ne4 Bxe4 18. Bxe4 Bg7 19. Bd5+ Kf8 20. Qh5 Qe8 21. Rxf6+ Bxf6
22. Bxh6+ Ke7 23. Re1+ Ne5 24. Rxe5+ Bxe5 25. Qxe5+ Kd7 26. Qf5+ Kc7 27. Bf4+
Kb6 28. Qf6+ Ka7 29. Qxd4+ Ka6 30. Be3 Rh6 31. b4 axb4 32. axb4 Qh8 33. Bxb7+
Kxb7 34. Qd7+ Ka6 35. Qb5# 1-0

[Event "22nd European Teams"]
[Site "Batumi GEO"]
[Date "2019.10.25"]
[Round "2.18"]
[Board "4"]
[White "Dardha, Arben"]
[Black "Hamitevici, Vladimir"]
[Result "1/2-1/2"]
[WhiteTitle "FM"]
[BlackTitle "GM"]
[WhiteElo "2286"]
[BlackElo "2472"]
[WhiteTeam "Belgium"]
[BlackTeam "Moldova"]
[WhiteFideId "4700481"]
[BlackFideId "13902393"]
[EventDate "2019.10.24"]

1. Nf3 c5 2. e4 e6 3. d4 cxd4 4. Nxd4 a6 5. Nc3 Qc7 6. Be2 Nf6 7. O-O Bb4 8. Qd3
Nc6 9. Nxc6 bxc6 10. a3 Be7 11. Be3 d5 12. exd5 cxd5 13. Na4 Rb8 14. b4 O-O 15.
c4 Bd7 16. Nc5 dxc4 17. Qxc4 Bb5 18. Qa2 Nd5 19. Bxb5 Rxb5 20. Bd4 a5 21. Qe2
Bxc5 22. Bxc5 Rfb8 23. Rfc1 axb4 24. axb4 Qd8 25. Bd6 R8b6 26. Bc5 Rb7 27. Qd3
Qe8 28. Ra6 Nxb4 29. Bxb4 Rxb4 30. Rd6 Rb8 31. h3 Qe7 32. Rd7 Qf6 33. Qd6 g6 34.
Rd1 Kg7 35. Rd3 R8b6 36. Qc7 Rb1+ 37. Kh2 Rb7 38. Qxb7 Rxb7 39. Rxb7 Qf4+ 40.
Kg1 Qc1+ 41. Kh2 Qf4+ 42. Kg1 Qc1+ 1/2-1/2

[Event "22nd European Teams"]
[Site "Batumi GEO"]
[Date "2019.10.25"]
[Round "2.19"]
[Board "1"]
[White "Tate, Alan"]
[Black "Pelletier, Yannick"]
[Result "1/2-1/2"]
[WhiteTitle "FM"]
[BlackTitle "GM"]
[WhiteElo "2352"]
[BlackElo "2555"]
[WhiteTeam "Scotland"]
[BlackTeam "Switzerland"]
[WhiteFideId "2401878"]
[BlackFideId "1301837"]
[EventDate "2019.10.24"]

1. d4 Nf6 2. c4 e6 3. g3 Bb4+ 4. Bd2 a5 5. Bg2 O-O 6. Nf3 b6 7. Ne5 Ra7 8. O-O
Ba6 9. Bxb4 axb4 10. a3 d6 11. axb4 dxe5 12. dxe5 Ng4 13. b5 Nxe5 14. Qxd8 Rxd8
15. b3 Kf8 16. Ra2 c6 17. Nc3 cxb5 18. cxb5 Rd4 19. Rfa1 Rb4 20. bxa6 Rxb3 21.
Ne4 Ke7 22. Nd2 Rb4 23. Bf1 Ned7 24. e3 f6 25. Rb1 Rxb1 26. Nxb1 Nc5 27. Rb2
Nbxa6 28. Rxb6 Nc7 29. Nc3 Nd7 30. Rb2 Ra1 31. Kg2 Rc1 32. Ne2 Rc5 1/2-1/2

[Event "22nd European Teams"]
[Site "Batumi GEO"]
[Date "2019.10.25"]
[Round "2.19"]
[Board "2"]
[White "Georgiadis, Nico"]
[Black "Olson, Hamish"]
[Result "1-0"]
[WhiteTitle "GM"]
[BlackTitle "FM"]
[WhiteElo "2528"]
[BlackElo "2288"]
[WhiteTeam "Switzerland"]
[BlackTeam "Scotland"]
[WhiteFideId "1300113"]
[BlackFideId "2404257"]
[EventDate "2019.10.24"]

1. e4 e5 2. Nf3 Nc6 3. Bb5 Nf6 4. d3 Bc5 5. Nc3 d6 6. Na4 Bb6 7. Nxb6 axb6 8. c3
Bd7 9. Ba4 Ne7 10. Bc2 Ng6 11. h3 O-O 12. O-O Re8 13. Re1 Bc6 14. d4 exd4 15.
Qxd4 d5 16. e5 Ne4 17. b3 f6 18. exf6 Qxf6 19. Bb2 Nf4 20. Qxf6 gxf6 21. a4 Kf7
22. Re3 Rg8 23. Nh4 Rg5 24. Kh2 Rag8 25. g3 Rh5 26. Rg1 Nxf2 27. Bf5 Rgg5 28.
Rf3 Ne2 29. Rxf2 Nxg1 30. Bg4 Rxh4 31. gxh4 Rg7 32. Rf1 1-0

[Event "22nd European Teams"]
[Site "Batumi GEO"]
[Date "2019.10.25"]
[Round "2.19"]
[Board "3"]
[White "Morrison, Graham SCO"]
[Black "Kurmann, Oliver"]
[Result "0-1"]
[WhiteTitle "FM"]
[BlackTitle "IM"]
[WhiteElo "2262"]
[BlackElo "2420"]
[WhiteTeam "Scotland"]
[BlackTeam "Switzerland"]
[WhiteFideId "2400090"]
[BlackFideId "1308173"]
[EventDate "2019.10.24"]

1. d4 Nf6 2. c4 e6 3. Nf3 b6 4. g3 Bb7 5. Bg2 Be7 6. Nc3 Ne4 7. Bd2 Bf6 8. O-O
O-O 9. Qc2 Nxd2 10. Qxd2 d6 11. e4 Nd7 12. Rad1 c6 13. Rfe1 Qc7 14. h4 a6 15. a4
Rad8 16. h5 h6 17. Qe3 c5 18. d5 Ne5 19. Nxe5 Bxe5 20. Kh2 Rfe8 21. f4 Bd4 22.
Qd2 exd5 23. Nxd5 Bxd5 24. exd5 Qd7 25. b3 Qg4 26. Rxe8+ Rxe8 27. Re1 Qxh5+ 28.
Bh3 Rxe1 29. Qxe1 Kf8 30. a5 Qf3 31. Bd7 g6 32. Qe8+ Kg7 33. Be6 Qf2+ 34. Kh3
Qf1+ 0-1

[Event "22nd European Teams"]
[Site "Batumi GEO"]
[Date "2019.10.25"]
[Round "2.19"]
[Board "4"]
[White "Gallagher, Joseph G."]
[Black "Abdulla, Murad"]
[Result "1/2-1/2"]
[WhiteTitle "GM"]
[BlackTitle "FM"]
[WhiteElo "2439"]
[BlackElo "2263"]
[WhiteTeam "Switzerland"]
[BlackTeam "Scotland"]
[WhiteFideId "1303422"]
[BlackFideId "2403757"]
[EventDate "2019.10.24"]

1. e4 c5 2. Nf3 d6 3. d4 cxd4 4. Qxd4 e5 5. Qd3 h6 6. c4 Nf6 7. Nc3 Be7 8. Be2
O-O 9. O-O Nc6 10. Rd1 Be6 11. Be3 Rc8 12. Rac1 Ng4 13. Nd5 Nxe3 14. Nxe3 Qb6
15. b3 Nb4 16. Qd2 a5 17. Rb1 Nc6 18. a3 Ra8 19. g3 Nb8 20. Ne1 Nd7 21. Bf3 Rfc8
22. Qe2 Nf6 23. N1c2 Qc6 24. Nd5 Bd8 25. Nce3 Bxd5 26. exd5 Qd7 27. b4 axb4 28.
axb4 Ra4 29. Bg2 Rca8 30. c5 Ra2 31. Rd2 Ra1 32. Rdd1 R1a2 33. Qc4 b5 34. Qd3
Qb7 35. Nf5 Bc7 36. Bf1 g6 37. Nxd6 Bxd6 38. cxd6 Qb6 39. Qe3 Qxd6 40. Bxb5 Ng4
41. Qc5 Qf6 42. Rf1 Qf5 43. d6 Nxf2 44. Bc6 Nh3+ 45. Kh1 Nf2+ 46. Kg1 Nh3+ 47.
Kh1 Nf2+ 1/2-1/2

[Event "22nd European Teams"]
[Site "Batumi GEO"]
[Date "2019.10.25"]
[Round "2.20"]
[Board "1"]
[White "Saraci, Nderim"]
[Black "Pechac, Jergus"]
[Result "1/2-1/2"]
[WhiteTitle "IM"]
[BlackTitle "GM"]
[WhiteElo "2396"]
[BlackElo "2491"]
[WhiteTeam "Kosovo"]
[BlackTeam "Slovakia"]
[WhiteFideId "6351921"]
[BlackFideId "14926970"]
[EventDate "2019.10.24"]

1. e4 e5 2. Nf3 Nc6 3. Bc4 Bc5 4. c3 Nf6 5. d3 O-O 6. O-O a6 7. a4 d6 8. Nbd2
Ba7 9. b4 Be6 10. b5 axb5 11. axb5 Bxf2+ 12. Kxf2 Rxa1 13. Bxe6 fxe6 14. bxc6
bxc6 15. Qb3 Qe7 16. Ba3 Rxf1+ 17. Nxf1 c5 18. Bc1 d5 19. Ke2 Qd6 20. c4 dxe4
21. dxe4 Nxe4 22. Qe3 Qc6 23. Bb2 h6 24. Bxe5 Ra8 25. Qb3 Ra4 26. Ne3 Qa8 27.
Ne1 Nd6 28. Qd3 Ra3 29. Qd2 Qe4 30. Bxd6 cxd6 31. Nc2 Ra2 32. Qc3 Ra8 33. Qb3
Rf8 34. Ne1 Ra8 35. Nf3 Kh8 36. Nd2 Qe5 37. h3 Qd4 38. Nc2 Qf4 39. Ne3 Qe5 40.
Nf3 Qa1 41. Nc2 Ra2 42. Ne1 Qe5+ 43. Qe3 Qf5 44. Qd3 Qf4 45. Qb3 Qe4+ 46. Kd2
Ra8 47. Qf3 Qxf3 48. Nxf3 Kg8 49. Ng1 Kf7 50. Ne2 Kf6 51. Nf4 Kf5 52. Nd3 Ke4
53. Ke2 Ra4 54. g3 Kf5 55. Kf3 Kf6 56. Ne3 Ke7 57. h4 Ra2 58. Ke4 Re2 59. Nf4
Rd2 60. Nd3 Kd7 61. Nf4 g5 62. hxg5 hxg5 63. Nh3 g4 64. Nxg4 Rd4+ 65. Kf3 Rxc4
66. Nf4 Rc3+ 67. Kf2 e5 68. Nf6+ Kc6 69. N4d5 Rd3 70. Ne3 d5 71. g4 Kd6 72. Ke2
c4 73. g5 Ke6 74. Neg4 Ra3 75. g6 Ra7 76. Ne8 Kf5 77. g7 Rxg7 78. Ne3+ Kg6 1/2-1/2

[Event "22nd European Teams"]
[Site "Batumi GEO"]
[Date "2019.10.25"]
[Round "2.20"]
[Board "2"]
[White "Jurcik, Marian"]
[Black "Makolli, Perparim"]
[Result "1-0"]
[WhiteTitle "GM"]
[BlackTitle "FM"]
[WhiteElo "2486"]
[BlackElo "2241"]
[WhiteTeam "Slovakia"]
[BlackTeam "Kosovo"]
[WhiteFideId "14907518"]
[BlackFideId "908630"]
[EventDate "2019.10.24"]

1. e4 c5 2. Nf3 e6 3. d4 cxd4 4. Nxd4 a6 5. c4 Nf6 6. Nc3 Qc7 7. Be2 Be7 8. O-O
b6 9. Bf3 Qe5 10. g3 g5 11. Bg2 Nc6 12. Nf3 Qc7 13. Bxg5 d6 14. Rc1 Ne5 15. Nxe5
dxe5 16. Qf3 Nd7 17. Bxe7 Kxe7 18. Qe3 Bb7 19. b4 Rab8 20. c5 bxc5 21. bxc5 Rhc8
22. c6 Bxc6 23. Nd5+ exd5 24. exd5 Qd6 25. dxc6 Nf8 26. Rfd1 Qe6 27. Qc5+ 1-0

[Event "22nd European Teams"]
[Site "Batumi GEO"]
[Date "2019.10.25"]
[Round "2.20"]
[Board "3"]
[White "Uruci, Endrit"]
[Black "Nayhebaver, Martin"]
[Result "1-0"]
[BlackTitle "IM"]
[WhiteElo "2237"]
[BlackElo "2481"]
[WhiteTeam "Kosovo"]
[BlackTeam "Slovakia"]
[WhiteFideId "22100199"]
[BlackFideId "14923432"]
[EventDate "2019.10.24"]

1. d4 Nf6 2. Nf3 e6 3. Bf4 c5 4. c3 Nc6 5. e3 d5 6. Nbd2 Nh5 7. Bg5 f6 8. Bh4 g6
9. Bd3 Be7 10. Qc2 cxd4 11. exd4 Nf4 12. O-O O-O 13. Rfe1 Nxd3 14. Qxd3 a6 15.
a4 Bd7 16. Bg3 Qe8 17. c4 Qf7 18. c5 g5 19. Re2 a5 20. h3 Rfc8 21. Nb1 Nb4 22.
Qd1 Ra6 23. Nc3 b6 24. cxb6 Rxb6 25. Rc1 Qg6 26. Nb5 Rxc1 27. Qxc1 Rc6 28. Qe1
Qd3 29. Bc7 Na2 30. Re3 Qc2 31. Qxa5 Qc1+ 32. Re1 Qxb2 33. Qa8+ Kf7 34. Qb7 Qb4
35. Bb6 Ke8 36. Nc7+ Kf7 37. Nxd5 exd5 38. Qxd7 Rxb6 39. Qxd5+ Kf8 40. Qxa2 Ra6
41. Rb1 Qd6 42. Qc2 Kg8 43. Qc4+ Kg7 44. Rb7 Ra5 45. Qe2 Kf8 46. Qe4 h5 47. Qh7
h4 48. Qh8+ Kf7 49. Qh5+ Ke6 50. Qg6 Qd8 51. Qe4+ Kf7 52. d5 Qd6 53. Nd4 Rxa4
54. Qh7+ Ke8 55. Qg8+ Bf8 56. Qf7+ Kd8 57. Ne6+ Kc8 58. Rc7+ 1-0

[Event "22nd European Teams"]
[Site "Batumi GEO"]
[Date "2019.10.25"]
[Round "2.20"]
[Board "4"]
[White "Mazur, Stefan"]
[Black "Idrizaj, Abedin"]
[Result "1/2-1/2"]
[WhiteTitle "IM"]
[WhiteElo "2435"]
[BlackElo "2231"]
[WhiteTeam "Slovakia"]
[BlackTeam "Kosovo"]
[WhiteFideId "14909332"]
[BlackFideId "4672046"]
[EventDate "2019.10.24"]

1. e4 c5 2. Nf3 d6 3. d4 cxd4 4. Nxd4 Nf6 5. Nc3 a6 6. h3 e6 7. g4 h6 8. Bg2 Qc7
9. h4 g6 10. g5 hxg5 11. Bxg5 Nbd7 12. Qf3 Bg7 13. O-O-O O-O 14. h5 Ne5 15. Qh3
Nxh5 16. f4 Nc6 17. Nxc6 bxc6 18. Bf3 f6 19. Bxh5 fxg5 20. Bxg6 Rxf4 21. Ne2 Qb6
22. e5 Bxe5 23. Qh7+ Kf8 24. Qh6+ Bg7 25. Qxg5 Qxb2+ 26. Kd2 Rf6 27. Rdf1 Bd7
28. Nc3 Qxc3+ 29. Kxc3 Rxf1+ 30. Kd3 Rxh1 31. Qf4+ 1/2-1/2